000 00507nam a2200181Ia 4500
008 151018s9999 xx 000 0 und d
082 _bRBASDV31892
_a891.463
100 _aकिसन कानसकर
245 _aरातराणी
250 _b1
260 _bशांती
_c2000
300 _a216
600 _aकिसन कानसकर
630 _aरातराणी
700 _aकिसन कानसकर
730 _aरातराणी
942 _cBOOK
999 _c1031424
_d1031421